000 00625nam a2200253Ia 4500
005 20260121114204.0
008 008 260114s9999 xx 000 0 eng d
020 _a9781118981047
037 _aEBOOK
040 _aCRL
040 _beng
040 _cCRL
041 _2eng
041 _aeng
084 _qCRL
100 _aWenzhong Ma
_9971936
245 0 _aEnergy-saving Principles and Technologies for Induction Motors
260 _bWiley
260 _c2018
856 _uhttps://onlinelibrary.wiley.com/doi/book/10.1002/9781118981047
942 _cEBOOK
999 _c1551190
_d1551190